Nuevas tendencias polt̕icocriminales en la funcin̤ de las medidas de seguridad su repercusin̤ en la regulacin̤ espaǫla /

Detalles Bibliográficos
Autor principal: Martn̕ez Guerra, Amparo
Formato: Desconocido
Lenguaje:español
Publicado: Madrid : Dykinson, 2006
Materias:
Acceso en línea:Acceso restringido

MARC

LEADER 00000ny a22000003n 4500
005 20110610132434.0
008 041222s2006 sp 000 0 spa d
020 |a 9788497725460 
035 |a 1289 
040 |a BUS  |d vLex 
080 |a 343.852(460) 
090 |c 629  |d 629 
100 1 |a Martn̕ez Guerra, Amparo 
245 1 0 |a Nuevas tendencias polt̕icocriminales en la funcin̤ de las medidas de seguridad  |h [Recurso electrn̤ico]  |b su repercusin̤ en la regulacin̤ espaǫla /  |c Amparo Martn̕ez Guerra 
256 |a Servicio en ln̕ea 
260 |a Madrid :  |b Dykinson,  |c 2006 
300 |a p. ;  |c cm 
506 1 |a Contenido solo disponible en los productos indicados  |d vLex Global  |d vLex Global (Academic Edition, excluding Law Schools)  |d vLex Global (U.S. Academic Edition, Law Schools)  |d vLex Global (U.S. Academic Edition, excluding Law Schools)  |d vLex Global (Academic Edition, Law Schools) 
650 0 7 |a Pena  |2 Tesauro vLex 
650 0 7 |a Penal  |2 Tesauro vLex 
650 0 7 |a Medidas de seguridad penales  |2 Tesauro vLex 
740 0 |a vLex Libros (Servicios en ln̕ea) 
856 4 0 |u http://vlex.com/source/1289  |z Acceso restringido 
942 |c BOOK 
999 0 |a Criminal Law   |b Madrid